Current consult : Cardiology
This latest addition to the Lange Current Series features alphabetically-organized, easy-to-read, two-page bulleted spreads covering everything from syndromes and symptoms to diagnosis and treatment for all areas of cardiology. This information-packed quick reference is perfect for busy clinicians w...
שמור ב:
| פורמט: | ספר |
|---|---|
| שפה: | Undetermined |
| יצא לאור: |
New York
Lange Medical Books/McGraw-Hill
2006
|
| נושאים: | |
| תגים: |
הוספת תג
אין תגיות, היה/י הראשונ/ה לתייג את הרשומה!
|
| Thư viện lưu trữ: | Trung tâm Học liệu Trường Đại học Cần Thơ |
|---|
| LEADER | 01116nam a2200217Ia 4500 | ||
|---|---|---|---|
| 001 | CTU_138682 | ||
| 008 | 210402s9999 xx 000 0 und d | ||
| 020 | |c 71.95 | ||
| 082 | |a 616.12 | ||
| 082 | |b C976 | ||
| 245 | 0 | |a Current consult : | |
| 245 | 0 | |b Cardiology | |
| 245 | 0 | |c Michael H. Crawford, Komandoor Srivathson, Dana P. McGlothlin | |
| 260 | |a New York | ||
| 260 | |b Lange Medical Books/McGraw-Hill | ||
| 260 | |c 2006 | ||
| 520 | |a This latest addition to the Lange Current Series features alphabetically-organized, easy-to-read, two-page bulleted spreads covering everything from syndromes and symptoms to diagnosis and treatment for all areas of cardiology. This information-packed quick reference is perfect for busy clinicians who don't have the time to consult with large references or online databases that are too comprehensive for their immediate treatment needs. | ||
| 650 | |a Heart diseases,Heart diseases,Cœur,Bệnh tim,Bệnh tim | ||
| 650 | |x Diagnosis,Therapy,Maladies,Điều trị,Chẩn đoán | ||
| 904 | |i Giang | ||
| 980 | |a Trung tâm Học liệu Trường Đại học Cần Thơ | ||